Sports Quiz

Random Sports or WWE Quiz

WWE Wrestler by Catchphrase Quiz Stats

 Plays Quiz Updated Mar 23, 2016

Challenge
Share
Tweet
Embed
Score 0/45 Timer 06:00
4 Plays Today
Catchphrase Wrestler % Correct
'Rest in peace.'Undertaker
90.4%
'Know your role and shut your mouth!'The Rock
89.2%
'The champ is here!'John Cena
86.8%
'You're fired!'Vince McMahon
85.2%
'YES! YES! YES!'Daniel Bryan
85.1%
'I am the game!'Triple H
85%
'Now can you dig that, sucka?!'Booker T
84.5%
'I am the legend killer.'Randy Orton
84.4%
'I'm awesome!'The Miz
83.3%
'I'm a limousine riding, jet flying, kiss stealing, wheeling dealing, son of a gun!''Nature Boy' Ric Flair
81.4%
'Gimme a hell yeah!'Stone Cold Steve Austin
80.6%
'BANG BANG. Have a nice day!'Mick Foley
80%
'I'm straight edge, which means I'm better than you.'CM Punk
79.8%
'For the benefit of those with flash photography…'Edge & Christian
77.2%
“The best there is. The best there was. The best there ever will be.”Bret 'Hitman' Hart
74.3%
'Viva La Raza!'Eddie Guerrero
72.2%
'Get the tables!'Bubba Ray Dudley
71.8%
'Woo Woo Woo. You know it!'Zack Ryder
71.3%
'Excuse me!'Vickie Guerrero
70.3%
'Everybody's got a price.''Million Dollar Man' Ted DiBiase
66.6%
'Oh, it's true. It's damn true.'Kurt Angle
66.4%
'What a slobberknocker!'Jim Ross
66.1%
'Fella!'Sheamus
61.7%
Catchphrase Wrestler % Correct
'Would you please shut the hell up?'Chris Jericho
59.6%
'I'm the one man band, baby!'Heath Slater
58.5%
'Cobra!'Santino Marella
56.9%
'Whatcha gonna do when I don't finish this quote because you've already figured it out?!'Hulk Hogan
55.8%
'I'm ---, and I'm coming to get you!'The Boogeyman
53.1%
'HOOOOO!''Hacksaw' Jim Duggan
52.7%
'Puppies!'Jerry 'The King' Lawler
51.9%
'MISTERRRR...'Mr. Kennedy
49.7%
'My name is ---, and I love to fight.'Finlay
49.3%
'Now that? That's cool.'Carlito
48.4%
'Holla! Holla! Holla!'Theodore Long
48.4%
'Hello ladies.'Val Venis
46%
'That's an order, maggot.'Sgt. Slaughter
44.8%
'Ladies and gentlemen, boys and girls, children of all ages...'The Road Dogg
44.2%
'Ballin'!'MVP
43.3%
'Ohhhhh yeahhh, dig it!''Macho Man' Randy Savage
43.1%
'Can I have your attention, please?'Michael Cole
39.2%
'Just when you think you know the answers, I change the questions.''Rowdy' Roddy Piper
31%
'Holla if you hear me.''Big Poppa Pump' Scott Steiner
29.1%
'You better watch yourself, or before you know it, you gon get got! See ya!'R-Truth
25.8%
'Simply flawless!'LayCool
24.1%
'My name, my name is ---! But you already know that.'Alberto del Rio
21.3%

You're not logged in!

Compare scores with friends on all Sporcle quizzes.
Join for Free
OR
Log In

You Might Also Like...

Show Comments

Extras

Top Quizzes Today


Score Distribution

Your Account Isn't Verified!

In order to create a playlist on Sporcle, you need to verify the email address you used during registration. Go to your Sporcle Settings to finish the process.

Report this User

Report this user for behavior that violates our Community Guidelines.

Details: